| 000 | 00493nam a2200181Ia 4500 | ||
|---|---|---|---|
| 005 | 20250508151630.0 | ||
| 008 | 008 250505s9999 xx 000 0 eng d | ||
| 037 | _aBooks to be hide in OPAC | ||
| 040 |
_aFEDL _beng _cFEDL |
||
| 041 |
_aeng _2eng |
||
| 084 |
_a371.73, RAN/O _qFEDL |
||
| 100 | _aRandall | ||
| 245 | 0 | _aObjectives of the physical education lesson | |
| 300 | _a165p. | ||
| 700 |
_a Waine _9759629 |
||
| 942 |
_cHB _h371.73, RAN/O |
||
| 999 |
_c1331023 _d1331023 |
||